| 000 | 01731nam a2200229Ia 4500 | ||
|---|---|---|---|
| 003 | Ost | ||
| 005 | 20260507075452.0 | ||
| 008 | 260507s9999||||xx |||||||||||||| ||und|| | ||
| 020 | _a8047379977 | ||
| 040 | _cfsecg | ||
| 041 | _aara | ||
| 082 | _a382 | ||
| 100 |
_aعمارة، رانيا محمود عبد العزيز _eمؤلف |
||
| 245 | 0 |
_aتحرير التجارة الدولية وفقا لاتفاقية الجات في مجال الخدمات / _c رانيا محمود عبد العزيز عمارة |
|
| 260 |
_aالاسكندرية: _bدار الفكر الجامعي, _c2007 |
||
| 300 |
_a673 صفحة؛ _c24 سم |
||
| 520 | _aيحتوي الكتاب على المحاور التالية: الجولات و المفاوضات الخاصة بالإتفاقية العامة للتعريفات و التجارة،القواعد العامة التي تحكم منظمة التجارة العالمية،الإتفاقية العامة للتجارة في الخدمات،الإتفاقية و التنظيم القانوني الدولي لتجارة الخدمات،دراسة تفصيلية عن الخدمات المالية و المصرفية،الآثار المترتبة عن تحرير الخدمات المالية و المصرفية في مصر،ماهية ميزان المدفوعات،النظريات الإقتصادية و توازن ميزان المدفوعات،مكونات ميزان المدفوعات المصري،آثار تطبيق الإتفاقية العامة للتجارة في الخدمات على ميزان الخدمات المصري. | ||
| 653 | _aالتجارة الدولية | ||
| 653 | _aالجات | ||
| 653 | _aميزان المدفوعات | ||
| 942 | _cكتاب | ||
| 999 |
_c44633 _d44633 |
||